| 000 | 01370nam a2200361 i 4500 | ||
|---|---|---|---|
| 001 | 198204 | ||
| 003 | ES-MaACL | ||
| 005 | 20260528175141.0 | ||
| 007 | ta | ||
| 008 | 260407s2026 sp a|||| |||| 001 0 spa d | ||
| 017 |
_aM 3598-2026 _bOficina Depósito Legal Madrid |
||
| 020 | _a979-13-990313-3-1 | ||
| 040 |
_aES-MaACL _bspa _cES-MaACL _erda |
||
| 080 | _a343.819.5 | ||
| 080 | _a94-055.2=411.16(4)"1939/45" | ||
| 100 | 1 |
_aMartínez-Botello, Pablo _d1963- _4aut _9242962 _eaut |
|
| 245 | 1 | 0 |
_aMujeres y exterminio : _bla otra cara del Holocausto / _cPablo Martínez-Botello |
| 250 | _aPrimera edición: marzo 2026 | ||
| 264 | 1 |
_aMadrid : _bGaraje, _c2026 |
|
| 300 |
_a260 páginas : _bilustraciones (blanco y negro) ; _c21 cm |
||
| 336 |
_2rdacontent _aTexto |
||
| 337 |
_2rdamedia _asin mediación |
||
| 338 |
_2rdacarrier _avolumen |
||
| 500 | _aRegistro provisional | ||
| 500 | _aEjemplar firmado y dedicado por el autor | ||
| 504 | _aBibliografía: páginas 253-260. Índice | ||
| 650 | 4 |
_aCampos de concentración nazis _9242963 |
|
| 650 | 4 |
_aGuerra mundial, 1939-1945 _xMujeres _9242964 |
|
| 852 |
_aES-MaACL _cDEPO1 _jA-16101 _hDonación: Pablo Martínez-Botello _xEncuadernación rústica con solapas _zDedicatoria autógrafa del autor _9207187 |
||
| 942 |
_cMONOGRAFIA _n0 |
||
| 999 |
_c198204 _d198204 |
||